Statistics for Random Khmer Words

Click here to take the quiz!

General Stats

  • This quiz has been taken 53 times
    (52 since last reset)
  • The average score is 19 of 24

Answer Stats

KhmerEnglish% Correct
ឆ្កែDog
91%
យប់Night
88%
ល្អGood
84%
ប្រាំបួនNine
84%
អរគុណThank
84%
ទឹកWater
84%
សៀវភៅBook
81%
កាហ្វេCoffee
81%
ព្រះGod
81%
សាលារៀនSchool
81%
ចម្រៀងSong
81%
ដើរWalk
81%
ពាក្យWord
81%
ពណ៌លឿងYellow
81%
ឪពុកFather
78%
បេះដូង​Heart
78%
ស្លឹកឈើLeaf
78%
មេឃSky
78%
រង់ចាំWait
78%
សួនសត្វZoo
78%
ទន្លេRiver
75%
គ្រប់គ្រាន់Enough
72%
ខេត្តProvince
72%
ចង្រិតCricket
69%

Score Distribution

Percentile by Number Answered

Percent of People with Each Score

Your Score History

You have not taken this quiz since the last reset